[Event "ESP-chT CECLUB Honor"]
[Site "Linares"]
[Date "2018.08.10"]
[Round "5.2"]
[White "Vega Gutierrez, Sabrina Neide"]
[Black "Collazo Hidalgo Gato, Niala"]
[Result "1-0"]
[WhiteElo "2390"]
[BlackElo "2199"]
[PlyCount "155"]
[EventDate "2018.08.06"]
[EventType "team-tourn"]
[EventRounds "7"]
[EventCountry "ESP"]
[SourceTitle "CBM 185 Extra"]
[Source "ChessBase"]
[SourceDate "2018.07.29"]
[SourceVersion "1"]
[SourceVersionDate "2018.07.29"]
[SourceQuality "1"]
[WhiteTeam "Sestao Bizkaialde"]
[BlackTeam "Oromana Schneider Electric"]
[WhiteTeamCountry "ESP"]
[BlackTeamCountry "ESP"]

1. d4 g6 2. e4 Bg7 3. Nf3 d6 4. Bc4 e6 5. Bb3 Ne7 6. 0-0 0-0 7. Qe2 a5 8. a3 a4 9. Ba2 b6 10. Rd1 Nd7 11. Bf4 Bb7 12. Nc3 Ra5 13. Bd2 Ra8 14. Nb5 Nf6 15. e5 Ne4 16. exd6 Nxd6 17. Nxd6 cxd6 18. Bg5 Qd7 19. c3 h6 20. Bxe7 Qxe7 21. d5 e5 22. Nd4 Qg5 23. Nc6 f5 24. Bc4 Bc8 25. Bb5 f4 26. f3 Qf6 27. Qf2 g5 28. Qxb6 g4 29. Qc7 e4 30. Qe7 gxf3 31. Qxe4 Rf7 32. Qxf3 Qg5 33. h3 h5 34. Be2 Bf5 35. Nd4 Bxd4+ 36. Rxd4 Bg6 37. Rf1 Re8 38. Kh1 Re3 39. Qf2 Be4 40. Bf3 Bxf3 41. gxf3 Rg7 42. Rg1 Qf5 43. Rxg7+ Kxg7 44. Kh2 Kh6 45. Rd2 Qb1 46. Qh4 Qf5 47. Qd8 Rxf3 48. Qxd6+ Kh7 49. Qe7+ Kh8 50. Qe8+ Kh7 51. Qe7+ Kh8 52. Qh4 Qe5 53. d6 Re3 54. Qd8+ Kh7 55. Qe7+ Qxe7 56. dxe7 Rxe7 57. Kg2 Kg6 58. Kf3 Kf5 59. Rd5+ Re5 60. Rxe5+ Kxe5 61. h4 Kf5 62. c4 Ke5 63. c5 Kd5 64. Kxf4 Kxc5 65. Kg5 Kc4 66. Kxh5 Kb3 67. Kg4 Kxb2 68. h5 Kxa3 69. h6 Ka2 70. h7 a3 71. h8Q Kb1 72. Qh1+ Kb2 73. Qg2+ Kb1 74. Qf1+ Kb2 75. Qe2+ Kb1 76. Qe1+ Kb2 77. Qb4+ Ka2 78. Kf3 1-0

[Event "ESP-chT CECLUB Honor"]
[Site "Linares"]
[Date "2018.08.07"]
[Round "2.2"]
[White "Collazo Hidalgo Gato, Niala"]
[Black "Gines Esteo, Pedro Antonio"]
[Result "1-0"]
[WhiteElo "2199"]
[BlackElo "2336"]
[PlyCount "109"]
[EventDate "2018.08.06"]
[EventType "team-tourn"]
[EventRounds "7"]
[EventCountry "ESP"]
[SourceTitle "CBM 185 Extra"]
[Source "ChessBase"]
[SourceDate "2018.07.29"]
[SourceVersion "1"]
[SourceVersionDate "2018.07.29"]
[SourceQuality "1"]
[WhiteTeam "Oromana Schneider Electric"]
[BlackTeam "Monzon Jaime Casas"]
[WhiteTeamCountry "ESP"]
[BlackTeamCountry "ESP"]

1. e4 c6 2. d4 d5 3. Nd2 dxe4 4. Nxe4 Bf5 5. Ng3 Bg6 6. Nh3 e6 7. Bc4 Bd6 8. 0-0 Nf6 9. f4 Qa5 10. f5 exf5 11. Qe2+ Kf8 12. Bd2 Qb6 13. Nxf5 Bxf5 14. Rxf5 Nbd7 15. Raf1 Qxd4+ 16. Be3 Qe4 17. Rxf6 Nxf6 18. Rxf6 Qe5 19. Rxf7+ Ke8 20. Nf4 b5 21. Bb3 Rf8 22. Rxf8+ Kxf8 23. Qf3 Ke7 24. Qh3 Rf8 25. Qe6+ Qxe6 26. Nxe6 Rf5 27. Nd4 Rc5 28. g4 g6 29. Nf3 a5 30. Bxc5 Bxc5+ 31. Kg2 a4 32. Bg8 Kf8 33. Be6 Ke7 34. Bc8 Kd8 35. Ba6 Kd7 36. Ne5+ Kc7 37. Nd3 Be7 38. c4 Kb6 39. cxb5 cxb5 40. Bc8 Kc7 41. Be6 Kd6 42. Bf7 Kd7 43. Kf3 Bf6 44. Kf4 Ke7 45. Bg8 Kf8 46. Bd5 b4 47. b3 axb3 48. axb3 Bc3 49. Ke4 Kg7 50. Nf4 Kf6 51. Bg8 Kg7 52. Bc4 Bd2 53. Nd5 Kh6 54. Kd3 Be1 55. Ke2 1-0

[Event "La Roda op 44th"]
[Site "La Roda"]
[Date "2017.04.14"]
[Round "5"]
[White "Collazo Hidalgo Gato, Niala"]
[Black "Ramiro Ovejero, Juan Luis"]
[Result "0-1"]
[WhiteElo "2213"]
[BlackElo "2398"]
[PlyCount "108"]
[EventDate "2017.04.12"]
[EventType "swiss"]
[EventRounds "9"]
[EventCountry "ESP"]
[SourceTitle "CBM 177 Extra"]
[Source "ChessBase"]
[SourceDate "2017.04.27"]
[SourceVersion "1"]
[SourceVersionDate "2017.04.27"]
[SourceQuality "1"]

1. e4 d6 2. Nc3 c5 3. g3 Nc6 4. Bg2 g6 5. d3 Bg7 6. Nh3 e6 7. 0-0 Nge7 8. f4 0-0 9. Be3 Nd4 10. Qd2 d5 11. f5 exf5 12. exd5 b6 13. Bg5 f6 14. Bh6 g5 15. Bxg7 Kxg7 16. Rae1 Bb7 17. Re3 Rf7 18. d6 Ng6 19. Bxb7 Rxb7 20. Qg2 Rab8 21. Nd5 Qxd6 22. c3 Rd7 23. c4 Ne7 24. Nc3 Qc6 25. Qxc6 Ndxc6 26. Kg2 Rbd8 27. Rfe1 Kf7 28. Nf2 Nb4 29. R3e2 Ng6 30. Rf1 Re7 31. Rxe7+ Nxe7 32. h4 gxh4 33. gxh4 Nxd3 34. Rd1 Nf4+ 35. Kf3 Rxd1 36. Nfxd1 Nfg6 37. Nd5 Nxh4+ 38. Kg3 Nxd5 39. Kxh4 Nb4 40. Kg3 Ke6 41. Nc3 Ke5 42. b3 Kd4 43. Nb5+ Ke3 44. Kg2 f4 45. Nc3 Kd3 46. Nd5 Nxd5 47. cxd5 Ke2 48. d6 f3+ 49. Kg3 f2 50. d7 f1Q 51. d8Q Qg1+ 52. Kh3 Qe3+ 53. Kh2 Qh6+ 54. Kg3 Qg5+ 0-1

[Event "Madrid-chT 1617"]
[Site "Madrid"]
[Date "2016.11.20"]
[Round "1.46"]
[White "Collazo Hidalgo Gato, Niala"]
[Black "Alba Linero, Emilio"]
[Result "1-0"]
[WhiteElo "2225"]
[BlackElo "2202"]
[PlyCount "91"]
[EventDate "2016.11.20"]
[EventType "team-tourn"]
[EventRounds "14"]
[EventCountry "ESP"]
[SourceTitle "EXT 2018"]
[Source "ChessBase"]
[SourceDate "2017.10.13"]
[SourceVersion "1"]
[SourceVersionDate "2017.10.13"]
[SourceQuality "1"]
[WhiteTeam "Collado Villalba"]
[BlackTeam "Blanco y Negro"]
[WhiteTeamCountry "ESP"]
[BlackTeamCountry "ESP"]

1. e4 e5 2. Nf3 Nc6 3. Bb5 a6 4. Ba4 Nf6 5. 0-0 Be7 6. Re1 b5 7. Bb3 0-0 8. a4 b4 9. d3 d6 10. Nbd2 Rb8 11. h3 Na5 12. Ba2 Bd7 13. Nc4 Nb7 14. a5 c5 15. c3 bxc3 16. bxc3 Bc6 17. Qc2 Qc7 18. Bg5 h6 19. Bd2 Nd7 20. Ne3 Bf6 21. Nd5 Bxd5 22. Bxd5 Nd8 23. Nh2 Ne6 24. Ng4 Bd8 25. Bc4 Qa7 26. Ne3 g6 27. Nd5 Kg7 28. Be3 Re8 29. Qd2 Bg5 30. Rf1 Rb7 31. f4 exf4 32. Nxf4 Nxf4 33. Bxf4 Ne5 34. Bxg5 hxg5 35. Bd5 Rbe7 36. Qxg5 Nxd3 37. Qf6+ Kh6 38. Bxf7 Rxf7 39. Qxf7 Re7 40. Qf8+ Kh7 41. Rab1 c4+ 42. Kh2 Qc7 43. Rb8 d5+ 44. Kh1 Qe5 45. exd5 g5 46. Rf7+ 1-0

[Event "Ferrol op 31th"]
[Site "Ferrol"]
[Date "2016.07.27"]
[Round "9"]
[White "Collazo Hidalgo Gato, Niala"]
[Black "Fernandez Iglesias, Diego"]
[Result "1-0"]
[WhiteElo "2272"]
[BlackElo "1803"]
[PlyCount "61"]
[EventDate "2016.07.18"]
[EventType "swiss"]
[EventRounds "9"]
[EventCountry "ESP"]
[SourceTitle "EXT 2024"]
[Source "ChessBase"]
[SourceDate "2023.10.10"]
[SourceVersion "1"]
[SourceVersionDate "2023.10.10"]
[SourceQuality "1"]

1. e4 c5 2. Nc3 Nc6 3. g3 g6 4. Bg2 Bg7 5. d3 d6 6. Be3 Nd4 7. Qd2 Nf6 8. h3 Rb8 9. Nd1 e5 10. c3 Nc6 11. Ne2 b5 12. 0-0 0-0 13. Bh6 Ne8 14. Bxg7 Kxg7 15. f4 f6 16. Ne3 Nc7 17. d4 c4 18. Rf2 Bb7 19. d5 Ne7 20. Raf1 Qd7 21. g4 Rbe8 22. fxe5 fxe5 23. Ng3 h6 24. h4 Qd8 25. h5 Bc8 26. hxg6 Kxg6 27. Nef5 Ng8 28. Qe3 a6 29. Nh4+ Kg7 30. Nh5+ Kh8 31. Ng6+ 1-0

[Event "La Roda op 43rd"]
[Site "La Roda"]
[Date "2016.03.27"]
[Round "8"]
[White "Collazo Hidalgo Gato, Niala"]
[Black "Alshameary Puente, Ismael"]
[Result "0-1"]
[WhiteElo "2231"]
[BlackElo "2335"]
[PlyCount "106"]
[EventDate "2016.03.23"]
[EventType "swiss"]
[EventRounds "9"]
[EventCountry "ESP"]
[SourceTitle "CBM 171 Extra"]
[Source "ChessBase"]
[SourceDate "2016.04.26"]
[SourceVersion "1"]
[SourceVersionDate "2016.04.26"]
[SourceQuality "1"]

1. e4 c5 2. Nf3 d6 3. d4 cxd4 4. Nxd4 Nf6 5. Nc3 a6 6. h3 e5 7. Nde2 h5 8. g3 Be6 9. Bg2 Nbd7 10. 0-0 Rc8 11. a4 Be7 12. Be3 Nb6 13. b3 d5 14. Bxb6 Qxb6 15. Nxd5 Nxd5 16. exd5 Bf5 17. c4 Bb4 18. Kh2 0-0 19. Ra2 Qd6 20. Nc1 Qg6 21. Bf3 h4 22. Bg4 b5 23. Bxf5 Qxf5 24. axb5 axb5 25. Nd3 Bd6 26. Ra6 Rfd8 27. Nb2 e4 28. Qg4 hxg3+ 29. Kh1 g2+ 30. Kxg2 Qe5 31. Rg1 Ra8 32. Rxa8 Rxa8 33. Nd1 Ra2 34. c5 Bxc5 35. Qc8+ Bf8 36. Qc3 Qxd5 37. Ne3 Qe6 38. Ng4 f5 39. Ne5 Qb6 40. Rf1 Qc5 41. Qg3 Bd6 42. Nd7 Bxg3 43. Nxc5 Bd6 44. Ne6 Rd2 45. Rc1 Kf7 46. Ng5+ Ke7 47. h4 Kd7 48. Kf1 Rd3 49. Rb1 b4 50. Ke2 Bf4 51. Rd1 Rxd1 52. Kxd1 Bxg5 53. hxg5 f4 0-1

[Event "La Roda op 43rd"]
[Site "La Roda"]
[Date "2016.03.25"]
[Round "5"]
[White "Collazo Hidalgo Gato, Niala"]
[Black "Quintin Navarro, Alberto"]
[Result "1-0"]
[WhiteElo "2231"]
[BlackElo "2355"]
[PlyCount "47"]
[EventDate "2016.03.23"]
[EventType "swiss"]
[EventRounds "9"]
[EventCountry "ESP"]
[SourceTitle "CBM 171 Extra"]
[Source "ChessBase"]
[SourceDate "2016.04.26"]
[SourceVersion "1"]
[SourceVersionDate "2016.04.26"]
[SourceQuality "1"]

1. e4 e6 2. d3 d5 3. Nd2 Nf6 4. g3 Be7 5. Bg2 0-0 6. Ngf3 a5 7. 0-0 a4 8. a3 c5 9. Re1 Nc6 10. e5 Nd7 11. Nf1 b5 12. h4 Re8 13. Bf4 b4 14. Ne3 bxa3 15. bxa3 Rb8 16. c4 d4 17. Ng4 Na5 18. Ng5 Nf8 19. Nf6+ Bxf6 20. exf6 Rb6 21. fxg7 Kxg7 22. Qh5 Qe7 23. Be5+ Kg8 24. Ne4 1-0

[Event "Collado Villalba op-A 32nd"]
[Site "Collado Villalba"]
[Date "2015.08.25"]
[Round "4"]
[White "Collazo Hidalgo Gato, Niala"]
[Black "Lianes Garcia, Marcos"]
[Result "1/2-1/2"]
[WhiteElo "2261"]
[BlackElo "2059"]
[PlyCount "75"]
[EventDate "2015.08.22"]
[EventType "swiss"]
[EventRounds "9"]
[EventCountry "ESP"]
[SourceTitle "EXT 2016"]
[Source "ChessBase"]
[SourceDate "2015.10.08"]
[SourceVersion "1"]
[SourceVersionDate "2015.10.08"]
[SourceQuality "1"]

1. e4 g6 2. d4 Bg7 3. Nf3 c5 4. Nc3 Qa5 5. Be3 cxd4 6. Nxd4 Nf6 7. Qd2 Nc6 8. f3 d6 9. Nb3 Qc7 10. Bh6 0-0 11. Bxg7 Kxg7 12. Nd5 Nxd5 13. exd5 Ne5 14. h4 h5 15. Be2 Bd7 16. 0-0-0 a5 17. Nd4 a4 18. f4 Ng4 19. f5 a3 20. Bxg4 axb2+ 21. Kb1 Qc4 22. Nb3 Qxg4 23. fxg6 fxg6 24. Kxb2 Qa4 25. Qd4+ Qxd4+ 26. Nxd4 Ra5 27. Nb3 Ra4 28. Rde1 Rf7 29. Re3 Rc4 30. Na5 Rc7 31. Rc3 Rxc3 32. Kxc3 Rf5 33. Rd1 b5 34. Nb3 Rf4 35. Rd4 Rf2 36. Rd2 Rf4 37. Rd4 Rf2 38. Rd2 1/2-1/2

[Event "ESP-ch (Women)"]
[Site "Linares"]
[Date "2015.08.18"]
[Round "6"]
[White "Collazo Hidalgo Gato, Niala"]
[Black "Hernandez Estevez, Yudania"]
[Result "1-0"]
[WhiteElo "2261"]
[BlackElo "2163"]
[PlyCount "93"]
[EventDate "2015.08.15"]
[EventType "swiss"]
[EventRounds "9"]
[EventCountry "ESP"]
[SourceTitle "EXT 2016"]
[Source "ChessBase"]
[SourceDate "2015.10.08"]
[SourceVersion "1"]
[SourceVersionDate "2015.10.08"]
[SourceQuality "1"]

1. e4 c6 2. d4 d5 3. Nc3 dxe4 4. Nxe4 Bf5 5. Ng3 Bg6 6. Nf3 Nd7 7. h4 h6 8. h5 Bh7 9. Bd3 Bxd3 10. Qxd3 e6 11. Bf4 Qa5+ 12. Bd2 Bb4 13. Ne4 Ngf6 14. Nd6+ Ke7 15. Nc4 Bxd2+ 16. Nfxd2 Qg5 17. Nf3 Qb5 18. a4 Qa6 19. Nfe5 Rhd8 20. Qa3+ c5 21. 0-0-0 Kf8 22. dxc5 Nxe5 23. Nxe5 Kg8 24. Rd6 Qe2 25. Qd3 Qxd3 26. Rxd3 Rdc8 27. Rhd1 Nd5 28. c6 bxc6 29. c4 Nf6 30. Rb3 Rc7 31. a5 Ne4 32. Rd7 Rxd7 33. Nxd7 Nxf2 34. Ne5 Rc8 35. Rf3 Ne4 36. Rxf7 a6 37. Ra7 Nc5 38. b4 Nb3+ 39. Kb2 Nd4 40. Rxa6 c5 41. b5 Rf8 42. Nf3 e5 43. Nxe5 Rf2+ 44. Kc3 Rxg2 45. Ra8+ Kh7 46. Ng6 Rg3+ 47. Kd2 1-0

[Event "ESP-ch (Women)"]
[Site "Salobrena"]
[Date "2012.08.04"]
[Round "7"]
[White "Collazo Hidalgo Gato, Niala"]
[Black "Iza Abete, Amaia"]
[Result "1-0"]
[WhiteElo "2253"]
[BlackElo "1995"]
[PlyCount "43"]
[EventDate "2012.07.30"]
[EventType "swiss"]
[EventRounds "7"]
[EventCountry "ESP"]
[SourceTitle "CBM 149 Extra"]
[Source "ChessBase"]
[SourceDate "2012.08.24"]
[SourceVersion "1"]
[SourceVersionDate "2012.08.24"]
[SourceQuality "1"]

1. e4 e5 2. Nf3 Nc6 3. Bb5 a6 4. Ba4 Nf6 5. 0-0 b5 6. Bb3 Bc5 7. c3 d6 8. d4 Bb6 9. Bg5 Bb7 10. a4 Qe7 11. Nh4 h6 12. Nf5 Qf8 13. Bxf6 gxf6 14. axb5 axb5 15. Rxa8+ Bxa8 16. Qd3 Ne7 17. Nxd6+ cxd6 18. Qxb5+ Bc6 19. Qxb6 Qg7 20. Nd2 Rg8 21. g3 Qg4 22. Ra1 1-0

[Event "ESP-ch (Women)"]
[Site "Salobrena"]
[Date "2012.07.31"]
[Round "2"]
[White "Perera Borrego, Mariela"]
[Black "Collazo Hidalgo Gato, Niala"]
[Result "1-0"]
[WhiteElo "2066"]
[BlackElo "2253"]
[PlyCount "47"]
[EventDate "2012.07.30"]
[EventType "swiss"]
[EventRounds "7"]
[EventCountry "ESP"]
[SourceTitle "CBM 149 Extra"]
[Source "ChessBase"]
[SourceDate "2012.08.24"]
[SourceVersion "1"]
[SourceVersionDate "2012.08.24"]
[SourceQuality "1"]

1. d4 c5 2. d5 e5 3. e4 d6 4. Nc3 Be7 5. f4 exf4 6. Bxf4 a6 7. a4 Bg5 8. Qd2 Bxf4 9. Qxf4 Ne7 10. Nf3 Ng6 11. Qg3 Qe7 12. Be2 h5 13. 0-0 Nd7 14. e5 dxe5 15. d6 h4 16. Qxg6 Qxd6 17. Rad1 Qc6 18. Qg3 Qb6 19. Nd5 Qc6 20. Qg5 Nf6 21. Bc4 h3 22. Nxe5 hxg2 23. Be2 Ng8 24. Ra1 1-0

[Event "Collado Villalba op-A 21st"]
[Site "Collado Villalba"]
[Date "2004.08.30"]
[Round "8"]
[White "Braga, Fernando Alberto"]
[Black "Collazo Hidalgo Gato, Niala"]
[Result "1-0"]
[WhiteElo "2462"]
[BlackElo "2230"]
[PlyCount "49"]
[EventDate "2004.08.23"]
[EventType "swiss"]
[EventRounds "9"]
[EventCountry "ESP"]
[SourceTitle "EXT 2006"]
[Source "ChessBase"]
[SourceDate "2005.11.24"]
[SourceVersion "1"]
[SourceVersionDate "2005.11.24"]
[SourceQuality "1"]

1. Nf3 c5 2. c4 Nc6 3. d4 cxd4 4. Nxd4 Nf6 5. g3 e6 6. Bg2 d5 7. cxd5 Nxd5 8. 0-0 Be7 9. Nxc6 bxc6 10. Qc2 Bb7 11. Nd2 0-0 12. Nc4 c5 13. a3 Qc8 14. Rd1 Rd8 15. e4 Nf6 16. Be3 Ba6 17. Rxd8+ Qxd8 18. Qa4 Qc8 19. Rd1 Rb8 20. Nd6 Bxd6 21. Rxd6 Rb6 22. e5 Ne8 23. Rd2 Rb8 24. h3 Qc7 25. Qxa6 1-0

[Event "Albacete op 11th"]
[Site "Albacete"]
[Date "2003.09.03"]
[Round "4"]
[White "Suba, Mihai"]
[Black "Collazo Hidalgo Gato, Niala"]
[Result "1-0"]
[WhiteElo "2498"]
[BlackElo "2272"]
[PlyCount "65"]
[EventDate "2003.09.01"]
[EventType "swiss"]
[EventRounds "9"]
[EventCountry "ESP"]
[SourceTitle "CBM 096 Extra"]
[Source "ChessBase"]
[SourceDate "2003.10.22"]
[SourceVersion "2"]
[SourceVersionDate "2003.10.20"]
[SourceQuality "1"]

1. d4 c5 2. d5 e5 3. e4 d6 4. Bb5+ Nd7 5. a4 Be7 6. Nf3 a6 7. Bd3 Nf8 8. Nbd2 Ng6 9. Nc4 Bg4 10. 0-0 Bf6 11. h3 Bxf3 12. Qxf3 N8e7 13. a5 0-0 14. Bd2 Nc8 15. b4 cxb4 16. Bxb4 Qc7 17. Ra3 Be7 18. Rb1 Rb8 19. Rc3 Qd7 20. Qg4 Qd8 21. g3 Re8 22. Ra3 Nf8 23. Bd2 Qc7 24. Rc3 Qd8 25. Ne3 h5 26. Qxh5 Qxa5 27. Nf5 Qa2 28. Qd1 Qa4 29. Rc7 Bd8 30. Qg4 Ng6 31. Rc4 Qa2 32. Qd1 b5 33. Rc6 1-0

[Event "Ortigueira op 2nd"]
[Site "Ortigueira"]
[Date "2003.08.11"]
[Round "9"]
[White "Penalonga Sweers, Angel"]
[Black "Collazo Hidalgo Gato, Niala"]
[Result "1-0"]
[WhiteElo "2075"]
[BlackElo "2272"]
[PlyCount "37"]
[EventDate "2003.08.03"]
[EventType "swiss"]
[EventRounds "9"]
[EventCountry "ESP"]
[SourceTitle "EXT 2004"]
[Source "ChessBase"]
[SourceDate "2003.11.25"]
[SourceVersion "1"]
[SourceVersionDate "2003.11.25"]
[SourceQuality "1"]

1. e4 c5 2. Nc3 e6 3. f4 Nc6 4. Nf3 a6 5. d4 cxd4 6. Nxd4 Bb4 7. Nxc6 dxc6 8. Qf3 Ne7 9. Bd2 b5 10. 0-0-0 Qc7 11. Kb1 c5 12. a3 Ba5 13. Bxb5+ axb5 14. Nxb5 Qc6 15. Bxa5 Rxa5 16. Nd6+ Kf8 17. Nc4 Qc7 18. Qd3 Nc6 19. Nxa5 1-0